All Croatian Premier League Players ever - Statistics

General Stats
  • This quiz has been taken 42 times
    8 since last reset
  • The average score is 12 of 31
Answer Stats
Position Clubs Years Player % Correct
DEF Southampton, Liverpool 2013-20 Dejan Lovren
100%
DEF Man City 2023-present Josko Gvardiol
100%
MID Spurs 2008-12 Luka Modric
100%
MID Chelsea, Man City 2018-present Mateo Kovacic
100%
ATT Leicester 2014-15 Andrej Kramaric
60%
ATT Arsenal, West Ham 1999-2001 Davor Suker
60%
DEF/MID Spurs 2022-24 Ivan Perisic
60%
ATT Everton, Hull, West Ham 2011-16 Nikica Jelavic
60%
MID Portsmouth, Spurs, QPR 2006-12, 2014-15 Niko Kranjcar
60%
DEF Man City, Spurs 2007-12 Vedran Corluka
60%
MID Derby 1996-98 Aljosa Asanovic
40%
DEF Crystal Palace 2025-present Borna Sosa
40%
DEF Southampton 2022-23 Duje Caleta-Car
40%
ATT Arsenal 2007-08, 2009-10 Eduardo
40%
MID Liverpool 2000-05 Igor Biscan
40%
DEF West Ham, Everton 1995-99 Slaven Bilic
40%
ATT Aston Villa 2001-02 Bosko Balaban
20%
MID West Brom 2020-21 Filip Krovinovic
20%
ATT Bolton 2009-12 Ivan Klasnic
20%
GK Sheff Utd 2023-24 Ivo Grbic
20%
MID Chelsea 2000-04 Mario Stanic
20%
MID/ATT Southampton 2022-23 Mislav Orsic
20%
ATT Blackburn 2009-11 Nikola Kalinic
20%
MID Everton, West Ham 2017-18, 2021-22 Nikola Vlasic
20%
ATT Middlesbrough 2000-03 Alen Boksic
0%
DEF Portsmouth 2003-04 Boris Zivkovic
0%
DEF Derby, West Ham 1996-2001 Igor Stimac
0%
ATT Portsmouth 2003-04, 2005-06 Ivica Mornar
0%
ATT Fulham, West Ham 2012-14 Mladen Petric
0%
DEF Forest 1996-97 Nikola Jerkan
0%
MID Newcastle 1998-2000 Silvio Maric
0%
No matching quizzes found
Score Distribution
Percent of People with Each Score
Percentile by Number Answered
Your Score History
You have not taken this quiz since the last reset